1421 1117 1092 1167 1647 1682 1941 1855 1480 1065 1018 1380 1882 1947 1355 1648 1980 1079 1968 1976 1504 1148 1376 1673 1313 1707 1094 1980 1867 1646 1186 2000 1059 1237 1326 1641 1872 1274 1793 1104 1684 1437 1898 1755 1342 1987 1695 1694 1065 1780 1144 1222 1210 1264 1443 1108 1180 1906 1962 1842 1060 1832 1816 1509 1456 1272 1710 1618 1991 1923 1250 1561 1577 1508 1126 1843 1179 1943 1199 1875 1740 1257 1641 1369 1757 1063 1322 1437 1090 1438 1294 1405 1956 1467 1799 1811 1488 1988 1944 BCNSPRNW ULIB Ver.6.0+V

เปลี่ยนเป็นภาษาไทย

Change to English
 แสดงรายละเอียดบรรณานุกรม
  กลับหน้าหลัก

Brief Record : Get Marc (ISO 2709) : E-mail record : QR code < ปิดหน้าต่าง
LEADER : 00000nam 2200000uu 4500
001    13399111833
003     ULIB
008    110322s2550||||th 000 0 tha d
020    9789747306174
050  4 PE1271^bก975ก 2550
100 0  ไกรคุง อนัคฆกุล
245 00 กริยา 3 ช่อง และการใช้Tenses (รูปแบบใหม่)/^cไกรคุง อนัคฆกุล
260    กรุงเทพฯ:^bปัญญาชน,^c2550
300    171 หน้า :^bภาพประกอบ
650  7 ภาษาอังกฤษ^xกริยา
945    ^p75^l0^i027270
945    ^p75^l0^i027271
995    ทศพร
999 ^a ใช้งานได้ทุกระบบ
รายการนี้ยังไม่มีแท็ก
คุณยังไม่ได้ล็อกอิน คุณสามารถมีกิจกรรมร่วมกับเว็บไซต์ได้ แต่ต้องล็อกอินก่อน ::
  ล็อกอิน

รายการสื่อสารสนเทศ

ลำดับที่ ประเภท เลขเรียก/บาร์โค้ด สถานที่ สถานะ
- ไม่พบข้อมูล -

รายการใกล้เคียง
    ผู้แต่ง [ไกรคุง อนัคฆกุล]

BibComment


ยังไม่เคยถูกคอมเมนท์

คอมเมนท์ทรัพยากรรายการนี้
  คอมเมนท์: กริยา 3 ช่อง และก..


 Copyright 2026. Bcnsprnw @Library